• 首页
  • 本馆介绍
  • 公告通知
  • 最新文献
  • 馆藏检索
  • 电子资源
  • 读者导购
  • 参考咨询
  • 我的图书馆
  • 登录
  • 详细信息显示
  • 放入我的书架
  • 预约/预借图书
  • 作者相关作品
  • 分类相关作品
  • 丛书相关作品
  • 出版社相关作品

书目信息

  • 表格格式
  • 工作单格式
  • 卡片格式
题名:
初级会计实务习题与解析
    
 
作者: 施先旺 , 张娇姝 主编
分册:  
出版信息: 大连   东北财经大学出版社  2021.1
页数: 455页
开本: 26cm
丛书名:
单 册:
中图分类: F233-44
科图分类:
主题词: 会计实务--hui ji shi wu--资格考试--题解
电子资源:
ISBN: 978-7-5654-4047-2
000 01015nam0 2200253 450
001 2131729588
005 20210930094311.0
010    @a978-7-5654-4047-2@dCNY58.00
100    @a20210207d2021 em y0chiy50 ea
101 0  @achi
102    @aCN@b210000
105    @ay zq 000yy
106    @ar
200 1  @a初级会计实务习题与解析@Achu ji hui ji shi wu xi ti yu jie xi@f施先旺,张娇姝主编
210    @a大连@c东北财经大学出版社@d2021.1
215    @a455页@d26cm
300    @a业财合一·流程管控系列 中央高校教育教学改革项目研究成果 2021年度全国会计专业技术资格考试辅导教材
330    @a本书内容包括:会计概述、增值税业务资金运动分析与会计处理、筹资环节资金运动分析与会计处理、投资环节资金运动分析与会计处理、供应环节资金运动分析与会计处理、生产环节资金运动分析与会计处理等。
606 0  @a会计实务@Ahui ji shi wu@x资格考试@j题解
690    @aF233-44@v5
701  0 @a施先旺@Ashi xian wang@4主编
701  0 @a张娇姝@Azhang jiao shu@4主编
801  0 @aCN@b百万庄@c20210929
905    @b1303214-17@dF233-44@e698@f4
    
    初级会计实务习题与解析/施先旺,张娇姝主编.-大连:东北财经大学出版社,2021.1
    455页;26cm
    业财合一·流程管控系列 中央高校教育教学改革项目研究成果 2021年度全国会计专业技术资格考试辅导教材
    
    ISBN 978-7-5654-4047-2:CNY58.00
    本书内容包括:会计概述、增值税业务资金运动分析与会计处理、筹资环节资金运动分析与会计处理、投资环节资金运动分析与会计处理、供应环节资金运动分析与会计处理、生产环节资金运动分析与会计处理等。
●
相关链接 在E读中查询图书 在五车中查询图书 在当当中查询图书 在豆瓣中查询图书


正题名:初级会计实务习题与解析     索取号:F233-44/698         预约/预借

序号 登录号 条形码 馆藏地/架位号 状态 备注
1 1303214   213032145   第一样本阅览室/ [索取号:F233-44/698] 在馆    
2 1303215   213032154   第一借阅区/ [索取号:F233-44/698] 在馆    
3 1303216   213032163   第一借阅区/ [索取号:F233-44/698] 在馆    
4 1303217   213032172   第一借阅区/ [索取号:F233-44/698] 已借出,限还日期为2025.03.16
借出人:尹依明  
 
唐山师范学院图书馆 欢迎您!
大连网信软件有限公司© 版权所有